000 01174nam a22003377a 4500
001 0011682
003 KOHA_MİRAKIL
005 20260207001826.0
007 ta
008 090729b2003 enka|||gr||||#0|||1|eng |
020 _a9780521614658
_c72,68
040 _aTR-BiSEU
_btur
_cTR-BiSEU
_erda
041 0 _aeng
044 _cenk
050 _aPE1449
_b.R43 2005
100 1 _aRedman, Stuart..
245 1 _aEnglish vocabulary in use :
_bpre-intermediate and intermediate/
_cStuart. Redman ; Stuart Redman.
250 _a2nd ed.
264 1 _aCambridge, U.K. ; New York :
_bCambridge University, c2003
_c2003
300 _avi, 263 sayfa :
_bill. (some col.) ;
_c27 cm. +
_e1 CD-ROM (4 3/4 in.)
336 _ametin
_btxt
_2rdacontent
337 _aaracısız
_bn
_2rdamedia
338 _acilt
_bnc
_2rdacarrier
500 _aIncludes index.
500 _a"100 units of vocabulary reference and practice, self-study and classroom use."
650 0 _aVocabulary--Problems, exercises, etc.
_928484
650 0 _aEnglish language--Textbooks for foreign speakers.
_95137
650 0 _aVocabulary--Self-instruction.
_928485
907 _aDil
942 _2lcc
_cBK
999 _c11651
_d11651